000 01106nam2a2200253 4500
001 rc\2983077
005 20260315062706.0
035 _a(NLR Aleph) 007128142
090 _a13611951
_c13611951
100 _a20040927d1943 u y0rusy50 ca
101 0 _aeng
_arus
102 _aRU
105 _aa z |||||
200 1 _aДля 7-го класса
210 _d1943
215 _a144 с.
_cил.
300 _aНа обл. загл.: English
461 0 _1001rc\2983076
_12001#$aLessons in English$eУчебник англ. яз. для неполной сред. и сред. школы$eУтв. НКП РСФСР$vЧ. 3
_1700#1$aНолле-Нестерова$bК.А.$gКлавдия Алексеевна
_96931765
_aНолле-Нестерова, К.А.
_cМосква
_d1943
_e5-е изд.
_nУчпедгиз
_oУчебник англ. яз. для неполной сред. и сред. школы : Утв. НКП РСФСР
_tLessons in English
_vЧ. 3
512 0 0 _aEnglish
_zeng
801 0 _aRU
_bNLR
_gpsbo
801 1 _aRU
_bELAR
_2rusmarc
852 _aNLR
_jЯ60 Г-5/255(3)
942 _cUNSPEC
980 _aNB